María y Manuel : (Registro nro. 46510)
[ vista simple ]
| 000 -CABECERA | |
|---|---|
| campo de control de longitud fija | 00561nam a2200181 a 4500 |
| 001 - NÚMERO DE CONTROL | |
| campo de control | 000047022 |
| 005 - FECHA Y HORA DE LA ÚLTIMA TRANSACCIÓN | |
| campo de control | 20201002053307.0 |
| 008 - DATOS DE LONGITUD FIJA--INFORMACIÓN GENERAL | |
| campo de control de longitud fija | 180411s2004 dr a 000 0 spa d |
| 020 ## - NÚMERO INTERNACIONAL ESTÁNDAR DEL LIBRO | |
| Número Internacional Estándar del Libro | 9945120085 |
| 040 ## - FUENTE DE LA CATALOGACIÓN | |
| Centro catalogador/agencia de origen | DO-SdBNP |
| Lengua de catalogación | spa |
| Centro/agencia transcriptor | BNPHU |
| 082 ## - NÚMERO DE LA CLASIFICACIÓN DECIMAL DEWEY | |
| Número de clasificación | xxxx |
| Número de documento/Ítem | G216m |
| 100 1# - ENTRADA PRINCIPAL--NOMBRE DE PERSONA | |
| Nombre de persona | García V., María Luz |
| 9 (RLIN) | 74884 |
| 245 10 - MENCIÓN DE TÍTULO | |
| Título | María y Manuel : |
| Resto del título | libro de lectura inicial / |
| Mención de responsabilidad, etc. | María Luz García V. |
| 246 10 - FORMA VARIANTE DE TÍTULO | |
| Título propio/Titulo breve | Aprendo a leer con María y Manuel |
| 260 ## - PUBLICACIÓN, DISTRIBUCIÓN, ETC. | |
| Lugar de publicación, distribución, etc. | Santo Domingo : |
| Nombre del editor, distribuidor, etc. | Susaeta, |
| Fecha de publicación, distribución, etc. | [s.f.]. |
| 300 ## - DESCRIPCIÓN FÍSICA | |
| Extensión | 72 p. : |
| Otras características físicas | il. ; |
| Dimensiones | 27 cm. |
| 590 ## - NOTA LOCAL (RLIN) | |
| Nota local | Inventariado, 2018/LP |
| Estado de retiro | Estado de pérdida | No para préstamo | Código de colección | Localización permanente | Ubicación/localización actual | Ubicación en estantería | Fecha de adquisición | Número de inventario | Total de préstamos | Signatura topográfica completa | Código de barras | Fecha visto por última vez | Número de copia | Precio válido a partir de | Tipo de ítem Koha |
|---|---|---|---|---|---|---|---|---|---|---|---|---|---|---|---|
| Excluido de préstamo | Dominicana de Servicio | General | General | Depósito | 11.04.2018 | LF1 | xxxx G216m | 47022-30 | 25.06.2020 | e. 3 | 25.06.2020 | Libro y Folleto Colección Dominicana de Servicio | |||
| Excluido de préstamo | Patrimonio Dominicano | Patrimonio Dominicano | Patrimonio Dominicano | Depósito | 11.04.2018 | LF1 | xxxx G216m | 47022-10 | 25.06.2020 | 25.06.2020 | Libro y Folleto Colección Patrimonio Dominicano | ||||
| Excluido de préstamo | Patrimonio Dominicano | Patrimonio Dominicano | Patrimonio Dominicano | Depósito | 11.04.2018 | LF1 | xxxx G216m | 47022-20 | 25.06.2020 | e. 2 | 25.06.2020 | Libro y Folleto Colección Patrimonio Dominicano |
